<?xml version="1.0" encoding="UTF-8"?><?xml-stylesheet type="text/xsl" href="static/style.xsl"?><OAI-PMH xmlns="http://www.openarchives.org/OAI/2.0/" xmlns:xsi="http://www.w3.org/2001/XMLSchema-instance" xsi:schemaLocation="http://www.openarchives.org/OAI/2.0/ http://www.openarchives.org/OAI/2.0/OAI-PMH.xsd"><responseDate>2026-04-29T20:21:17Z</responseDate><request verb="GetRecord" identifier="oai:repisalud.isciii.es:20.500.12105/16400" metadataPrefix="marc">https://repisalud.isciii.es/rest/oai/request</request><GetRecord><record><header><identifier>oai:repisalud.isciii.es:20.500.12105/16400</identifier><datestamp>2024-09-21T10:42:48Z</datestamp><setSpec>com_20.500.12105_19604</setSpec><setSpec>com_20.500.12105_2051</setSpec><setSpec>col_20.500.12105_19605</setSpec></header><metadata><record xmlns="http://www.loc.gov/MARC21/slim" xmlns:dcterms="http://purl.org/dc/terms/" xmlns:doc="http://www.lyncode.com/xoai" xmlns:xsi="http://www.w3.org/2001/XMLSchema-instance" xsi:schemaLocation="http://www.loc.gov/MARC21/slim http://www.loc.gov/standards/marcxml/schema/MARC21slim.xsd">
   <leader>00925njm 22002777a 4500</leader>
   <datafield ind2=" " ind1=" " tag="042">
      <subfield code="a">dc</subfield>
   </datafield>
   <datafield ind2=" " ind1=" " tag="720">
      <subfield code="a">Ruiz-Medrano, Jorge</subfield>
      <subfield code="e">author</subfield>
   </datafield>
   <datafield ind2=" " ind1=" " tag="720">
      <subfield code="a">Puertas, Mariluz</subfield>
      <subfield code="e">author</subfield>
   </datafield>
   <datafield ind2=" " ind1=" " tag="720">
      <subfield code="a">Almazán-Alonso, Elena</subfield>
      <subfield code="e">author</subfield>
   </datafield>
   <datafield ind2=" " ind1=" " tag="720">
      <subfield code="a">Fernández-Jiménez, Marina</subfield>
      <subfield code="e">author</subfield>
   </datafield>
   <datafield ind2=" " ind1=" " tag="720">
      <subfield code="a">Flores-Moreno, Ignacio</subfield>
      <subfield code="e">author</subfield>
   </datafield>
   <datafield ind2=" " ind1=" " tag="720">
      <subfield code="a">Antón, Clara Salas</subfield>
      <subfield code="e">author</subfield>
   </datafield>
   <datafield ind2=" " ind1=" " tag="720">
      <subfield code="a">García-Pavía, Pablo</subfield>
      <subfield code="e">author</subfield>
   </datafield>
   <datafield ind2=" " ind1=" " tag="720">
      <subfield code="a">Ruiz-Moreno, José M</subfield>
      <subfield code="e">author</subfield>
   </datafield>
   <datafield ind2=" " ind1=" " tag="260">
      <subfield code="c">2023-01-01</subfield>
   </datafield>
   <datafield ind2=" " ind1=" " tag="520">
      <subfield code="a">PURPOSE&#xd;
The aim of this study was to determine the ophthalmologic involvement in patients with hereditary transthyretin amyloidosis and its correlation with the mutations described in the literature.&#xd;
METHODS&#xd;
Cross-sectional, noninterventional study. Fifty-two eyes of 26 consecutive patients diagnosed with hereditary transthyretin amyloidosis who visited the Puerta de Hierro-Majadahonda University Hospital from September 2019 to March 2022. All patients underwent complete ophthalmologic examination and multimodal imaging. Cardiologic, neurologic, digestive, and renal examinations were also recorded.&#xd;
RESULTS&#xd;
Eighteen eyes of the total (34.61%) showed amyloid-related ocular involvement, vitreous amyloid deposits being the most common ocular manifestation (18/52). Statistically significant differences were found for the presence of vitreous amyloid deposits ( P &lt; 0.01), crystalline amyloid deposits ( P &lt; 0.05), parenchymal amyloid deposits ( P &lt; 0.01), and vascular alterations ( P &lt; 0.01) when comparing affected and unaffected eyes. Moreover, affected eyes showed worse best-corrected visual acuity ( P &lt; 0.01).&#xd;
CONCLUSION&#xd;
Ocular manifestations are present in a substantial number of patients with ATTR that could potentially lead to devastating consequences to patients' best-corrected visual acuity and quality of life. Therefore, it is important to emphasize the importance of multidisciplinary management and ophthalmologic assessment, follow-up and surgical treatment when necessary. To the best of our knowledge, this represents the largest series in Spain of amyloidosis' ophthalmologic involvement.</subfield>
   </datafield>
   <datafield ind1="8" ind2=" " tag="024">
      <subfield code="a">Retina. 2023 Jan 1;43(1):49-56.</subfield>
   </datafield>
   <datafield ind1="8" ind2=" " tag="024">
      <subfield code="a">10.1097/IAE.0000000000003641</subfield>
   </datafield>
   <datafield ind1="8" ind2=" " tag="024">
      <subfield code="a">1539-2864</subfield>
   </datafield>
   <datafield ind1="8" ind2=" " tag="024">
      <subfield code="a">Retina (Philadelphia, Pa.)</subfield>
   </datafield>
   <datafield ind1="8" ind2=" " tag="024">
      <subfield code="a">36228151</subfield>
   </datafield>
   <datafield ind1="8" ind2=" " tag="024">
      <subfield code="a">http://hdl.handle.net/20.500.12105/16400</subfield>
   </datafield>
   <datafield ind2="0" ind1="0" tag="245">
      <subfield code="a">OPHTHALMOLOGIC INVOLVEMENT IN PATIENTS WITH HEREDITARY TRANSTHYRETIN AMYLOIDOSIS.</subfield>
   </datafield>
</record></metadata></record></GetRecord></OAI-PMH>